000 00955nam a22002177a 4500
999 _c63625
_d63625
005 20240530110651.0
008 171119s2015 ua a g b 000 0 ara d
017 _bمصر. دار الكتب
040 _aEG-CaGPL
_cEG-CaGPL
082 0 4 _221
_a658.3124\
_bم م
100 0 _aمحمد كمال مصطفى .
245 1 0 _aموسوعة 100 سؤال فى ادارة التدريب :
_bمع نماذج ارشادية فى اعداد و تصميم سياسات و استراتيجيات التدريب /
_cتأليف محمد كمال مصطفى .
250 _aط.1
260 _aالقاهرة :
_bمركز الخبرات المهنية للادارة (ببميك) ،
_c2015 .
300 _a422 ص. ؛
_c24 سم.
504 _aيشتمل على ارجاعات ببليوجرافية
650 0 7 _2qrmak
_aالتدريب
650 0 7 _2qrmak
_aالدورات التدريبية
942 _2ddc
_cBK